New Eleutherodactyline frog from amazonian Ecuador (Registro nro. 9186)

Detalles MARC
000 -CABECERA
Campo de control 006000000a22001930004500
090 ## - CLASIFICACIÓN LOCAL
Colección AR
Consecutivo 00085
041 0# - IDIOMA
Código de idioma para texto/pista de sonido o título separado
100 1# - ASIENTO PRINCIPAL--NOMBRE PERSONAL
Nombre personal Lynch, John D.
245 10 - MENCION DE TITULO
Título New Eleutherodactyline frog from amazonian Ecuador
650 14 - ASIENTO SECUNDARIO DE MATERIA - TERMINO TEMATICO
Término temático o nombre geográfico como elemento de entrada Fauna
650 14 - ASIENTO SECUNDARIO DE MATERIA - TERMINO TEMATICO
Término temático o nombre geográfico como elemento de entrada Anfibios
650 14 - ASIENTO SECUNDARIO DE MATERIA - TERMINO TEMATICO
Término temático o nombre geográfico como elemento de entrada Nuevas especies
650 14 - ASIENTO SECUNDARIO DE MATERIA - TERMINO TEMATICO
Término temático o nombre geográfico como elemento de entrada Biología
650 14 - ASIENTO SECUNDARIO DE MATERIA - TERMINO TEMATICO
Término temático o nombre geográfico como elemento de entrada Morfología
651 #4 - ASIENTO SECUNDARIO DE MATERIA - NOMBRE GEOGRAFICO
-- Amazonia, Ecuador
653 ## - TERMINO DE INDIZACION - NO CONTROLADO
-- Eleutherodactylus
-- Eleutherodactylus orphnolaimus
773 1# - Item fuente:
Título Proceedings of the Biological Society of Washington
Especificación de materiales 41
Descripción física 21
Paginas del Articulo 221-226
Lugar, editorial y fecha de publicación 1970
Información sobre la relación 83
942 ## - ELEMENTOS ADICIONALES (KOHA)
Tipo de ítem Artículo
Existencias
Withdrawn status Lost status Sistema de Clasificación Damaged status No para préstamo Colección Ubicación Permanente Ubicación actual Fecha de adquisición Fuente de Valor Total Checkouts Número topográfico Inventario / Código de Barras Date last seen Ejemplar Price effective from Tipo de material
    Dewey Decimal Classification   No para Préstamo Hemeroteca Bogotá Bogotá 27/02/2015 Gast, Fernando   AR 00085 Fuera de circulación 010313 25/03/2015 1 25/03/2015 Artículo